|
|
|
|
| LEADER |
00000nam0a2200000 4500 |
| 001 |
336615 |
| 005 |
20231102004855.0 |
| 035 |
|
|
|a (RuTPU)RU\TPU\book\363044
|
| 035 |
|
|
|a RU\TPU\book\362276
|
| 090 |
|
|
|a 336615
|
| 100 |
|
|
|a 20171018d1979 k y0rusy50 ca
|
| 101 |
0 |
|
|a rus
|
| 102 |
|
|
|a RU
|
| 105 |
|
|
|a a z 001zy
|
| 200 |
1 |
|
|a Силур Сибирской платформы. Новые региональные и местные стратиграфические подразделения
|f Академия наук СССР (АН СССР), Сибирское отделение (СО)
|
| 210 |
|
|
|a Новосибирск
|c Наука
|d 1979
|
| 215 |
|
|
|a 94 с.
|c ил.
|
| 225 |
1 |
|
|a Труды института геологии и геофизики (ИГиГ) СО АН СССР
|v Вып. 410
|
| 320 |
|
|
|a Библиогр.: с. 88-91
|
| 606 |
1 |
|
|a Силурийские отложения
|2 stltpush
|3 (RuTPU)RU\TPU\subj\54813
|9 72894
|
| 610 |
1 |
|
|a Сибирская платформа
|
| 610 |
1 |
|
|a силур
|
| 610 |
1 |
|
|a силурийская система
|
| 610 |
1 |
|
|a стратиграфические схемы
|
| 610 |
1 |
|
|a палеонтологические данные
|
| 610 |
1 |
|
|a литологические данные
|
| 610 |
1 |
|
|a горизонты
|
| 610 |
1 |
|
|a районирование
|
| 610 |
1 |
|
|a опорные разрезы
|
| 610 |
1 |
|
|a вещественный состав
|
| 610 |
1 |
|
|a фациальные комплексы
|
| 675 |
|
|
|a 551.733.3
|v 4
|
| 712 |
0 |
2 |
|a Академия наук СССР (АН СССР)
|b Сибирское отделение (СО)
|c (Новосибирск)
|2 stltpush
|3 (RuTPU)RU\TPU\col\11215
|
| 801 |
|
1 |
|a RU
|b 63413507
|c 20170911
|
| 801 |
|
2 |
|a RU
|b 63413507
|c 20171024
|g RCR
|
| 942 |
|
|
|c BK
|